000 00959nas a2200301 i 4500
001 2898
003 ES-MaACL
005 20250803062532.0
007 t|
008 040927d20031938sp | | ||pa d
080 _a(460)
080 _a9
245 0 0 _aComisario 1938-1939 /
_cestudio introductorio de José Luis García Martín.
250 _aEd. facs.
260 _aMérida :
_bEditor Regional de Extremadura,
_c2003.
300 _a1 v. ;
_c24 cm.
362 0 _aAño 1, n.1 (sept.1938)-año 2, n.5 (en.1939)
534 _pRepr. de la publ.:
_cMadrid : Comisariado del Grupo de Ejércitos de la Zona Central, 1938.
650 1 7 _aHistoria
_2embne
_9179933
655 7 _2tgfbne
_9226495
_aFacsímiles
655 7 _2tgfbne
_9226866
_aRevistas
700 1 _aGarcía Martín, José Luis.
_954900
852 _aES-MaACL
_jL-28123
866 0 _o1938-1939
942 _2udc
_cPERIODICA
999 _c2898
_d2898